000 00290nam a22001337a 4500
008 181004b xxu||||| |||| 00| 0 eng d
020 _a9780631175698
041 _aeng
080 _a101
100 _a24
101 _aFIL
245 _aA Rousseau Dictionary
_cDent,N.J
942 _2udc
_cBK
999 _c48864
_d48864